Molecules and life: historical essays on the interplay of chemistry and biology
保存先:
| 第一著者: | |
|---|---|
| フォーマット: | 図書 |
| 言語: | 英語 |
| 出版事項: |
Nueva York
Wiley-Interscience
1972
|
| 主題: | |
| タグ: |
タグ追加
タグなし, このレコードへの初めてのタグを付けませんか!
|
MARC
| LEADER | 00000nam a2200000 a 4500 | ||
|---|---|---|---|
| 001 | UCR5308 | ||
| 003 | CL-VaPUC | ||
| 008 | 980327e19720000US |||||||||||||||||eng|d | ||
| 082 | 0 | 4 | |a 572 |b FRU |2 21 |
| 100 | 0 | |a Fruton, Joseph S |e author |9 406063 | |
| 245 | 1 | 0 | |a Molecules and life: historical essays on the interplay of chemistry and biology |
| 300 | |a 579 p | ||
| 942 | |c BK | ||
| 945 | |d 19980327 00:00:00 |a crobeson | ||
| 260 | |a Nueva York |b Wiley-Interscience |c 1972 | ||
| 650 | 0 | |a Bioquímica |9 259492 | |
| 650 | 7 | |a HISTORIA DE LA BIOQUIMICA |2 CL-VaPUC |9 406064 | |
| 650 | 0 | |a Química |9 259896 | |
| 650 | 0 | |a Biología |9 262022 | |
| 650 | 0 | |a Enzimas |9 262984 | |
| 650 | 7 | |a PROTEINAS |2 CL-VaPUC |9 406065 | |
| 650 | 0 | |a Metabolismo |9 259893 | |
| 650 | 0 | |a Ensayos |9 268724 | |
| 583 | |a last modification |c 19980327 00:00:00 |k Rodrigo Vera | ||
| 999 | |c 267923 |d 267921 | ||
| 952 | |0 0 |1 0 |4 0 |6 572_000000000000000_FRU_1972 |7 0 |8 A |9 300757 |a BIBALI |b BIBALI |c GEN |d 2019-11-20 |i 1973002 |o 572 FRU 1972 |p 1973002 |r 2025-01-20 |w 2019-11-20 |y BK |k ALI | ||